Normal view
MARC view
Entry Personal Name
001 - CONTROL NUMBER
- control field: 17316
003 - CONTROL NUMBER IDENTIFIER
- control field: BD-RjUL
005 - DATE AND TIME OF LATEST TRANSACTION
- control field: 20251112152952.0
008 - FIXED-LENGTH DATA ELEMENTS
- fixed length control field: 251112|| aca||aabn | a|a d
040 ## - CATALOGING SOURCE
- Original cataloging agency: BD-RjUL
- Transcribing agency: BD-RjUL
100 ## - HEADING--PERSONAL NAME
- Personal name: রায়, সুকুমার
670 ## - SOURCE DATA FOUND
- Source citation: Work cat.: (BD-RjUL)85946: রায়, সুকুমার , লোকসঙ্গীত জিজ্ঞাসা / , ১৯৮৩